|
|
|
|
| LEADER |
00000nam0a2200000 4500 |
| 001 |
255074 |
| 005 |
20231101233007.0 |
| 020 |
|
|
|a RU
|b 88-39275ж
|
| 035 |
|
|
|a (RuTPU)RU\TPU\book\277577
|
| 035 |
|
|
|a RU\TPU\book\97095
|
| 090 |
|
|
|a 255074
|
| 100 |
|
|
|a 20140326d1988 k y0rusy5003 ca
|
| 101 |
0 |
|
|a rus
|
| 102 |
|
|
|a RU
|
| 105 |
|
|
|a a z 001zy
|
| 200 |
1 |
|
|a Технический уровень паротурбинных установок и пути его повышения
|e сборник научных трудов
|f Научно-производственное объединение по исследованию и проектированию энергетического оборудования им. И. И. Ползунова (НПО ЦКТИ) ; под ред. П. В. Храброва , Ю. А. Марченко
|
| 210 |
|
|
|a Ленинград
|c Изд-во НПО ЦКТИ
|d 1988
|
| 215 |
|
|
|a 137 с.
|c ил.
|d 26 см
|
| 225 |
1 |
|
|a Труды ЦКТИ
|v Вып. 245
|
| 320 |
|
|
|a Библиогр. в конце ст.
|
| 606 |
1 |
|
|a Паровые турбины
|x Проектирование
|x Конструкции
|2 stltpush
|3 (RuTPU)RU\TPU\subj\48261
|9 67138
|
| 610 |
1 |
|
|a паротурбинные установки
|
| 610 |
1 |
|
|a электростанции
|
| 610 |
1 |
|
|a конденсаторы
|
| 610 |
1 |
|
|a теплообменное оборудование
|
| 610 |
1 |
|
|a эффективность
|
| 610 |
1 |
|
|a надежность
|
| 610 |
1 |
|
|a проектирование
|
| 610 |
1 |
|
|a физико-химические процессы
|
| 610 |
1 |
|
|a эксплуатация
|
| 675 |
|
|
|a 621.165.001.6
|v 3
|
| 702 |
|
1 |
|a Храбров
|b П. В.
|4 340
|
| 702 |
|
1 |
|a Марченко
|b Ю. А.
|4 340
|
| 712 |
0 |
2 |
|a Научно-производственное объединение по исследованию и проектированию энергетического оборудования им. И. И. Ползунова (НПО ЦКТИ)
|c (Санкт-Петербург)
|c (1994- )
|2 stltpush
|3 (RuTPU)RU\TPU\col\311
|
| 801 |
|
0 |
|a RU
|b RuMRKP
|c 19950417
|g psbo
|
| 801 |
|
1 |
|a RU
|b 63413507
|c 20060211
|g PSBO
|
| 801 |
|
2 |
|a RU
|b 63413507
|c 20140626
|g PSBO
|
| 942 |
|
|
|c BK
|